Vierteljahresberichte / (Record no. 1839)

MARC details
000 -LEADER
fixed length control field 01976cas a2200505 a 4500
001 - CONTROL NUMBER
control field 11386938
005 - DATE AND TIME OF LATEST TRANSACTION
control field 20230620151314.0
008 - FIXED-LENGTH DATA ELEMENTS--GENERAL INFORMATION
fixed length control field 880502d19671993gw qr p 0 0ger c
010 ## - LIBRARY OF CONGRESS CONTROL NUMBER
LC control number 91643812
Canceled/invalid LC control number sn 88021629
016 7# - NATIONAL BIBLIOGRAPHIC AGENCY CONTROL NUMBER
Record control number 011195797
Source DE-101
016 7# - NATIONAL BIBLIOGRAPHIC AGENCY CONTROL NUMBER
Record control number 207454-0
Source DE-600
016 7# - NATIONAL BIBLIOGRAPHIC AGENCY CONTROL NUMBER
Record control number 101086584
Source DNLM
022 ## - INTERNATIONAL STANDARD SERIAL NUMBER
International Standard Serial Number 0936-451X
Incorrect ISSN 0015-7910
035 ## - SYSTEM CONTROL NUMBER
System control number (OCoLC)ocm17882948
040 ## - CATALOGING SOURCE
Original cataloging agency IUL
Language of cataloging eng
Transcribing agency IUL
Modifying agency DLC
-- HUL
-- NLM
-- OCLCQ
-- GBVCP
-- OCLCF
-- OCL
-- OCLCO
-- OCL
-- OCLCQ
-- OCLCO
042 ## - AUTHENTICATION CODE
Authentication code pcc
043 ## - GEOGRAPHIC AREA CODE
Geographic area code e-ur---
-- ee-----
-- d------
050 00 - LIBRARY OF CONGRESS CALL NUMBER
Classification number DR38.3.G3
Item number O85
050 14 - LIBRARY OF CONGRESS CALL NUMBER
Classification number DK266.A2
Item number O87
082 ## - DEWEY DECIMAL CLASSIFICATION NUMBER
Classification number 327
Item number INT
245 00 - TITLE STATEMENT
Title Vierteljahresberichte /
Statement of responsibility, etc. Forschungsinstitut der Friedrich-Ebert-Stiftung.
260 ## - PUBLICATION, DISTRIBUTION, ETC. (IMPRINT)
Place of publication, distribution, etc. Hannover :
Name of publisher, distributor, etc. Verlag für Literatur und Zeitgeschehen,
Date of publication, distribution, etc. 1967-1993.
300 ## - PHYSICAL DESCRIPTION
Extent volumes ;
Dimensions 24 cm
310 ## - CURRENT PUBLICATION FREQUENCY
Current publication frequency Quarterly
362 0# - DATES OF PUBLICATION AND/OR SEQUENTIAL DESIGNATION
Dates of publication and/or sequential designation Nr. 27 (März 1967)-nr. 134 (Dez. 1993).
500 ## - GENERAL NOTE
General note Title from cover.
590 ## - LOCAL NOTE (RLIN)
Local note SERBIB/SERLOC merged record
650 #7 - SUBJECT ADDED ENTRY--TOPICAL TERM
Topical term or geographic name as entry element International relations.
Source of heading or term fast
651 #0 - SUBJECT ADDED ENTRY--GEOGRAPHIC NAME
Geographic name Soviet Union
General subdivision Relations
Geographic subdivision Developing countries
Form subdivision Periodicals.
651 #0 - SUBJECT ADDED ENTRY--GEOGRAPHIC NAME
Geographic name Europe, Eastern
General subdivision Relations
Geographic subdivision Developing countries
Form subdivision Periodicals.
651 #0 - SUBJECT ADDED ENTRY--GEOGRAPHIC NAME
Geographic name Developing countries
General subdivision Relations
Geographic subdivision Soviet Union
Form subdivision Periodicals.
651 #0 - SUBJECT ADDED ENTRY--GEOGRAPHIC NAME
Geographic name Developing countries
General subdivision Relations
Geographic subdivision Europe, Eastern
Form subdivision Periodicals.
651 #7 - SUBJECT ADDED ENTRY--GEOGRAPHIC NAME
Geographic name Developing countries.
Source of heading or term fast
651 #7 - SUBJECT ADDED ENTRY--GEOGRAPHIC NAME
Geographic name Eastern Europe.
Source of heading or term fast
651 #7 - SUBJECT ADDED ENTRY--GEOGRAPHIC NAME
Geographic name Soviet Union.
Source of heading or term fast
655 #7 - INDEX TERM--GENRE/FORM
Genre/form data or focus term Periodicals.
Source of term fast
655 #7 - INDEX TERM--GENRE/FORM
Genre/form data or focus term Periodicals.
Source of term lcgft
710 2# - ADDED ENTRY--CORPORATE NAME
Corporate name or jurisdiction name as entry element Friedrich-Ebert-Stiftung.
Subordinate unit Forschungsinstitut.
776 08 - ADDITIONAL PHYSICAL FORM ENTRY
Relationship information Online version:
Title Vierteljahresberichte
Record control number (OCoLC)557438561
780 00 - PRECEDING ENTRY
Title Ostblock und die Entwicklungsländer
International Standard Serial Number 0344-9513
Record control number (DLC)sn 88021628
-- (OCoLC)17882935
785 00 - SUCCEEDING ENTRY
Title Internationale Politik und Gesellschaft
International Standard Serial Number 0945-2419
Record control number (DLC)sn 94030278
-- (OCoLC)30382409
906 ## - LOCAL DATA ELEMENT F, LDF (RLIN)
a 7
b cbc
c serials
d u
e ncip
f 19
g n-oclcserc
942 ## - ADDED ENTRY ELEMENTS (KOHA)
Source of classification or shelving scheme Dewey Decimal Classification
Koha item type Books
Holdings
Withdrawn status Lost status Source of classification or shelving scheme Damaged status Not for loan Home library Current library Date acquired Total Checkouts Full call number Barcode Date last seen Price effective from Koha item type
    Dewey Decimal Classification     County Hall Archives County Hall Archives 06/20/2023   327 INT 10009973 06/20/2023 06/20/2023 Books
    Dewey Decimal Classification     County Hall Archives County Hall Archives 06/20/2023   327 INT 10014037 06/20/2023 06/20/2023 Books
    Dewey Decimal Classification     County Hall Archives County Hall Archives 06/20/2023   327 INT 10009972 06/20/2023 06/20/2023 Books
    Dewey Decimal Classification     County Hall Archives County Hall Archives 06/20/2023   327 INT 10006568 06/20/2023 06/20/2023 Books
LIBRARY OPENING HOURS

When the Parliament is sitting: 8.00a.m - 7.00p.m or until the house adjourns
Mondays and Fridays and when the House is on Recess:  8.00a.m - 5.00p.m
Closed on Weekends and Public Holidays

Online Public Access Catalog (OPAC)
Website: http://www.parliament.go.ke
Bunge Library: https://libraryir.parliament.go.ke
Contact: library@parliament.go.ke | Tel no: (254-2)2221291 or 2848000 Ext 5043